00490nam a2200157Ia 4500003000400000008004100004040001600045082001600061100002200077245008400099260005000183650003400233650001600267650002300283650002600306GCL140319s9999 xx 000 0 eng d aGCL / cGCL04a891.71bG P1 aGREENLEAF, MONIKA10aPUSHKIN AND ROMANTIC FASHION: FRAGMENT ELEGY ORIENT IRONY / cGREENLEAF, MONIKA a[S.N] : bSTANFORD UNIVERSITY PRESS ، c199404aCRITICISM AND INTER PRETATION04aROMANTICISM04aPUSHKIN, ALEKSANDR04aSERGEERICH, 1799-1837